=LDR 00000nam 2200000 4500 =001 INLIS000000000010322 =005 20130612102017 =008 ***********************************Ind** =035 ##$$0010-061300000010322 =041 ##$$a Ind =082 ##$$a R.345 =090 ##$$a R.345, Mul k =100 ##$$a MULYANTO =245 ##$$a KUHP, Kita Undang-undang Hukum Pidana =260 ##$$a 2001 $b Jakarta =300 ##$$a xix, 231 hlm, 21 cm =650 ##$$a Hukum Pidana =850 ##$$a NBPNMAT